Fruticultura moderna; cultivo de frutales y arbustos frutales tomo 2 /

Guardado en:
Autor Principal: Childers, Norman Franklin
Formato: Libro
Publicado: Uruguay : Hemisferio Sur, 1982
Materias:
Etiquetas: Agregar Etiqueta
Sin Etiquetas, Sea el primero en etiquetar este registro!
LEADER 00630nam a22002055a 4500
001 CEM.cems016743
005 20100602160231.0
008 130507s1982##################000#0#####d
003 CEMS
082 0 4 |a 634 
100 1 |a Childers, Norman Franklin 
245 1 0 |a Fruticultura moderna; cultivo de frutales y arbustos frutales tomo 2 /  |c Norman Franklin Childers, 
260 |a Uruguay :  |b Hemisferio Sur,  |c 1982 
300 |a 982 p. 
653 |a Vid-cultivo 
653 |a Frutales-plagas 
653 |a Nogal 
653 |a Fruticultura 
653 |a Frutales-enfermedades 
859 |a CEMS  |b BIB. CEMS - Agricultura  |h 634  |i Ch956  |p A18216.95  |t Ej.1  |v 2  |3 2